<?xml version="1.0" encoding="UTF-8"?>
<collection xmlns="http://www.loc.gov/MARC21/slim">
 <record>
  <leader>09455cam a2201249   4500</leader>
  <controlfield tag="001">866724613</controlfield>
  <controlfield tag="003">DE-627</controlfield>
  <controlfield tag="005">20241028181200.0</controlfield>
  <controlfield tag="007">tu</controlfield>
  <controlfield tag="008">160831s2017    gw |||||      00| ||ger c</controlfield>
  <datafield tag="015" ind1=" " ind2=" ">
   <subfield code="a">16,N35</subfield>
   <subfield code="2">dnb</subfield>
  </datafield>
  <datafield tag="016" ind1="7" ind2=" ">
   <subfield code="a">1112213406</subfield>
   <subfield code="2">DE-101</subfield>
  </datafield>
  <datafield tag="020" ind1=" " ind2=" ">
   <subfield code="a">3837635023</subfield>
   <subfield code="c"> : Kt : circa EUR 34.99 (DE), circa EUR 36.00 (AT), circa sfr 42.70 (freier Preis)</subfield>
   <subfield code="9">3-8376-3502-3</subfield>
  </datafield>
  <datafield tag="020" ind1=" " ind2=" ">
   <subfield code="a">9783837635027</subfield>
   <subfield code="c"> : Kt : circa EUR 34.99 (DE), circa EUR 36.00 (AT), circa sfr 42.70 (freier Preis)</subfield>
   <subfield code="9">978-3-8376-3502-7</subfield>
  </datafield>
  <datafield tag="024" ind1="3" ind2=" ">
   <subfield code="a">9783837635027</subfield>
  </datafield>
  <datafield tag="035" ind1=" " ind2=" ">
   <subfield code="a">(DE-627)866724613</subfield>
  </datafield>
  <datafield tag="035" ind1=" " ind2=" ">
   <subfield code="a">(DE-576)48180630X</subfield>
  </datafield>
  <datafield tag="035" ind1=" " ind2=" ">
   <subfield code="a">(DE-599)DNB1112213406</subfield>
  </datafield>
  <datafield tag="035" ind1=" " ind2=" ">
   <subfield code="a">(OCoLC)958469162</subfield>
  </datafield>
  <datafield tag="035" ind1=" " ind2=" ">
   <subfield code="a">(OCoLC)958469162</subfield>
  </datafield>
  <datafield tag="040" ind1=" " ind2=" ">
   <subfield code="a">DE-627</subfield>
   <subfield code="b">ger</subfield>
   <subfield code="c">DE-627</subfield>
   <subfield code="e">rda</subfield>
  </datafield>
  <datafield tag="041" ind1=" " ind2=" ">
   <subfield code="a">ger</subfield>
   <subfield code="a">fre</subfield>
  </datafield>
  <datafield tag="044" ind1=" " ind2=" ">
   <subfield code="c">XA-DE-NW</subfield>
  </datafield>
  <datafield tag="050" ind1=" " ind2="0">
   <subfield code="a">N7429</subfield>
  </datafield>
  <datafield tag="072" ind1=" " ind2="7">
   <subfield code="a">HIS010000</subfield>
   <subfield code="2">bisacsh</subfield>
  </datafield>
  <datafield tag="072" ind1=" " ind2="7">
   <subfield code="a">HIS054000</subfield>
   <subfield code="2">bisacsh</subfield>
  </datafield>
  <datafield tag="072" ind1=" " ind2="7">
   <subfield code="a">HIS037000</subfield>
   <subfield code="2">bisacsh</subfield>
  </datafield>
  <datafield tag="082" ind1="0" ind2=" ">
   <subfield code="a">700</subfield>
  </datafield>
  <datafield tag="082" ind1="0" ind2=" ">
   <subfield code="a">940</subfield>
  </datafield>
  <datafield tag="082" ind1="0" ind2="4">
   <subfield code="a">840</subfield>
   <subfield code="a">700</subfield>
   <subfield code="a">300</subfield>
   <subfield code="q">DE-101</subfield>
  </datafield>
  <datafield tag="082" ind1="0" ind2="4">
   <subfield code="a">940</subfield>
  </datafield>
  <datafield tag="084" ind1=" " ind2=" ">
   <subfield code="a">KUNST</subfield>
   <subfield code="q">DE-16</subfield>
   <subfield code="2">fid</subfield>
  </datafield>
  <datafield tag="084" ind1=" " ind2=" ">
   <subfield code="a">BE 3720</subfield>
   <subfield code="2">rvk</subfield>
   <subfield code="0">(DE-625)rvk/10581:</subfield>
  </datafield>
  <datafield tag="084" ind1=" " ind2=" ">
   <subfield code="a">LB 31960</subfield>
   <subfield code="q">BVB</subfield>
   <subfield code="2">rvk</subfield>
   <subfield code="0">(DE-625)rvk/90533:</subfield>
  </datafield>
  <datafield tag="084" ind1=" " ind2=" ">
   <subfield code="a">LB 57335</subfield>
   <subfield code="q">BVB</subfield>
   <subfield code="2">rvk</subfield>
   <subfield code="0">(DE-625)rvk/90573:882</subfield>
  </datafield>
  <datafield tag="084" ind1=" " ind2=" ">
   <subfield code="a">IJ 10040</subfield>
   <subfield code="q">BVB</subfield>
   <subfield code="2">rvk</subfield>
   <subfield code="0">(DE-625)rvk/59141:</subfield>
  </datafield>
  <datafield tag="084" ind1=" " ind2=" ">
   <subfield code="a">EC 1871</subfield>
   <subfield code="q">DE-16-143</subfield>
   <subfield code="2">rvk</subfield>
   <subfield code="0">(DE-625)rvk/20439:</subfield>
  </datafield>
  <datafield tag="084" ind1=" " ind2=" ">
   <subfield code="a">EC 5910</subfield>
   <subfield code="q">DE-16-143</subfield>
   <subfield code="2">rvk</subfield>
   <subfield code="0">(DE-625)rvk/20615:</subfield>
  </datafield>
  <datafield tag="084" ind1=" " ind2=" ">
   <subfield code="a">IE 2800</subfield>
   <subfield code="q">DE-16-143</subfield>
   <subfield code="2">rvk</subfield>
   <subfield code="0">(DE-625)rvk/54995:</subfield>
  </datafield>
  <datafield tag="084" ind1=" " ind2=" ">
   <subfield code="a">EC 5410</subfield>
   <subfield code="q">DE-16-143</subfield>
   <subfield code="2">rvk</subfield>
   <subfield code="0">(DE-625)rvk/20606:</subfield>
  </datafield>
  <datafield tag="084" ind1=" " ind2=" ">
   <subfield code="a">IE 2836</subfield>
   <subfield code="q">DE-16-143</subfield>
   <subfield code="2">rvk</subfield>
   <subfield code="0">(DE-625)rvk/54998:</subfield>
  </datafield>
  <datafield tag="084" ind1=" " ind2=" ">
   <subfield code="a">IE 1342</subfield>
   <subfield code="q">DE-16-143</subfield>
   <subfield code="2">rvk</subfield>
   <subfield code="0">(DE-625)rvk/54948:</subfield>
  </datafield>
  <datafield tag="084" ind1=" " ind2=" ">
   <subfield code="a">MS 8010</subfield>
   <subfield code="2">rvk</subfield>
   <subfield code="0">(DE-625)rvk/123807:</subfield>
  </datafield>
  <datafield tag="084" ind1=" " ind2=" ">
   <subfield code="a">18.23</subfield>
   <subfield code="2">bkl</subfield>
  </datafield>
  <datafield tag="084" ind1=" " ind2=" ">
   <subfield code="a">17.93</subfield>
   <subfield code="2">bkl</subfield>
  </datafield>
  <datafield tag="084" ind1=" " ind2=" ">
   <subfield code="a">15.76</subfield>
   <subfield code="2">bkl</subfield>
  </datafield>
  <datafield tag="084" ind1=" " ind2=" ">
   <subfield code="a">89.91</subfield>
   <subfield code="2">bkl</subfield>
  </datafield>
  <datafield tag="245" ind1="1" ind2="0">
   <subfield code="a">Orient - Zur (De-)konstruktion eines Phantasmas</subfield>
   <subfield code="c">Véronique Porra, Gregor Wedekind</subfield>
  </datafield>
  <datafield tag="246" ind1="3" ind2="0">
   <subfield code="a">Dekonstruktion Konstruktion</subfield>
  </datafield>
  <datafield tag="246" ind1="3" ind2="0">
   <subfield code="a">Dekonstruktion</subfield>
  </datafield>
  <datafield tag="264" ind1=" " ind2="1">
   <subfield code="a">Bielefeld</subfield>
   <subfield code="b">transcript Verlag</subfield>
   <subfield code="c">[2017]</subfield>
  </datafield>
  <datafield tag="264" ind1=" " ind2="4">
   <subfield code="c">© 2017</subfield>
  </datafield>
  <datafield tag="300" ind1=" " ind2=" ">
   <subfield code="a">272 Seiten</subfield>
   <subfield code="b">Illustrationen</subfield>
   <subfield code="c">22.5 cm x 14.8 cm, 468 g</subfield>
  </datafield>
  <datafield tag="336" ind1=" " ind2=" ">
   <subfield code="a">Text</subfield>
   <subfield code="b">txt</subfield>
   <subfield code="2">rdacontent</subfield>
  </datafield>
  <datafield tag="337" ind1=" " ind2=" ">
   <subfield code="a">ohne Hilfsmittel zu benutzen</subfield>
   <subfield code="b">n</subfield>
   <subfield code="2">rdamedia</subfield>
  </datafield>
  <datafield tag="338" ind1=" " ind2=" ">
   <subfield code="a">Band</subfield>
   <subfield code="b">nc</subfield>
   <subfield code="2">rdacarrier</subfield>
  </datafield>
  <datafield tag="490" ind1="1" ind2=" ">
   <subfield code="a">Mainzer historische Kulturwissenschaften</subfield>
   <subfield code="v">Band 32</subfield>
  </datafield>
  <datafield tag="500" ind1=" " ind2=" ">
   <subfield code="a">Beiträge teilweise deutsch, teilweise französisch</subfield>
  </datafield>
  <datafield tag="500" ind1=" " ind2=" ">
   <subfield code="a">Literaturangaben</subfield>
  </datafield>
  <datafield tag="520" ind1=" " ind2=" ">
   <subfield code="a">Der Orient ist als kulturelle Antithese eine Projektionsfläche europäischer Denkweisen und Phantasmen. Besonders in der französischen und frankophonen Literatur und Kunst ist er seit dem 19. Jahrhundert ein allgegenwärtiges Thema. Die Beiträge des Bandes machen diese Konstruktionen des Orients in ihrer Komplementarität und in der medialen Differenz von bildender Kunst und Literatur sichtbar. Als ein interdisziplinärer Beitrag zur Orientalismus-Debatte werden die literarischen und künstlerischen Werke des sogenannten Orientalismus nicht länger einer versatzstückhaften Ideologiekritik durch Wissenschaft unterzogen. Vielmehr wird gezeigt, dass einem Teil dieser Werke die Dekonstruktion des Orients als ästhetische Praxis bereits selbst eingeschrieben ist</subfield>
  </datafield>
  <datafield tag="583" ind1="1" ind2=" ">
   <subfield code="a">Archivierung/Langzeitarchivierung gewährleistet</subfield>
   <subfield code="f">FID</subfield>
   <subfield code="x">XA-DE-BW</subfield>
   <subfield code="2">pdager</subfield>
   <subfield code="5">DE-16</subfield>
  </datafield>
  <datafield tag="650" ind1=" " ind2="0">
   <subfield code="a">Orientalism in art</subfield>
  </datafield>
  <datafield tag="650" ind1=" " ind2="0">
   <subfield code="a">Orientalism in literature</subfield>
  </datafield>
  <datafield tag="650" ind1=" " ind2="0">
   <subfield code="a">Arts, Modern</subfield>
  </datafield>
  <datafield tag="650" ind1=" " ind2="0">
   <subfield code="a">Art and literature</subfield>
  </datafield>
  <datafield tag="650" ind1=" " ind2="0">
   <subfield code="a">Postcolonialism and the arts</subfield>
  </datafield>
  <datafield tag="655" ind1=" " ind2="7">
   <subfield code="a">Aufsatzsammlung</subfield>
   <subfield code="0">(DE-588)4143413-4</subfield>
   <subfield code="0">(DE-627)105605727</subfield>
   <subfield code="0">(DE-576)209726091</subfield>
   <subfield code="2">gnd-content</subfield>
  </datafield>
  <datafield tag="689" ind1="0" ind2="0">
   <subfield code="d">s</subfield>
   <subfield code="0">(DE-588)4113615-9</subfield>
   <subfield code="0">(DE-627)105828114</subfield>
   <subfield code="0">(DE-576)209477946</subfield>
   <subfield code="a">Französisch</subfield>
   <subfield code="2">gnd</subfield>
  </datafield>
  <datafield tag="689" ind1="0" ind2="1">
   <subfield code="d">s</subfield>
   <subfield code="0">(DE-588)4035964-5</subfield>
   <subfield code="0">(DE-627)106245015</subfield>
   <subfield code="0">(DE-576)209015608</subfield>
   <subfield code="a">Literatur</subfield>
   <subfield code="2">gnd</subfield>
  </datafield>
  <datafield tag="689" ind1="0" ind2="2">
   <subfield code="d">s</subfield>
   <subfield code="0">(DE-588)4122305-6</subfield>
   <subfield code="0">(DE-627)105763438</subfield>
   <subfield code="0">(DE-576)209550295</subfield>
   <subfield code="a">Orientbild</subfield>
   <subfield code="2">gnd</subfield>
  </datafield>
  <datafield tag="689" ind1="0" ind2="3">
   <subfield code="a">z</subfield>
   <subfield code="2">gnd</subfield>
   <subfield code="a">Geschichte</subfield>
  </datafield>
  <datafield tag="689" ind1="0" ind2=" ">
   <subfield code="5">DE-101</subfield>
  </datafield>
  <datafield tag="700" ind1="1" ind2=" ">
   <subfield code="a">Porra, Véronique</subfield>
   <subfield code="d">1966-</subfield>
   <subfield code="e">HerausgeberIn</subfield>
   <subfield code="0">(DE-588)144051338</subfield>
   <subfield code="0">(DE-627)656831294</subfield>
   <subfield code="0">(DE-576)340993642</subfield>
   <subfield code="4">edt</subfield>
  </datafield>
  <datafield tag="700" ind1="1" ind2=" ">
   <subfield code="a">Wedekind, Gregor</subfield>
   <subfield code="d">1963-</subfield>
   <subfield code="e">HerausgeberIn</subfield>
   <subfield code="0">(DE-588)120932024</subfield>
   <subfield code="0">(DE-627)080977189</subfield>
   <subfield code="0">(DE-576)292454740</subfield>
   <subfield code="4">edt</subfield>
  </datafield>
  <datafield tag="776" ind1="1" ind2=" ">
   <subfield code="z">9783839435021</subfield>
   <subfield code="c"> : PDF</subfield>
  </datafield>
  <datafield tag="776" ind1="0" ind2="8">
   <subfield code="i">Erscheint auch als</subfield>
   <subfield code="n">Online-Ausgabe</subfield>
   <subfield code="t">Orient - Zur (De-)Konstruktion eines Phantasmas</subfield>
   <subfield code="d">Bielefeld : transcript, 2017</subfield>
   <subfield code="h">1 Online-Ressource (272 Seiten)</subfield>
   <subfield code="w">(DE-627)89355622X</subfield>
   <subfield code="w">(DE-576)491407025</subfield>
   <subfield code="z">9783839435021</subfield>
  </datafield>
  <datafield tag="776" ind1="0" ind2="8">
   <subfield code="i">Erscheint auch als</subfield>
   <subfield code="n">Online-Ausgabe</subfield>
   <subfield code="a">Porra, Véronique, 1966 - </subfield>
   <subfield code="t">Orient - Zur (De-)Konstruktion eines Phantasmas.</subfield>
   <subfield code="b">1st ed.</subfield>
   <subfield code="d">Bielefeld : Transcipt Verlag, 2017</subfield>
   <subfield code="h">1 online resource (275 pages)</subfield>
   <subfield code="w">(DE-627)88881125X</subfield>
   <subfield code="w">(DE-576)511965583</subfield>
   <subfield code="z">9783839435021</subfield>
  </datafield>
  <datafield tag="776" ind1="0" ind2="8">
   <subfield code="i">Erscheint auch als</subfield>
   <subfield code="n">Online-Ausgabe</subfield>
   <subfield code="z">9783839435021</subfield>
  </datafield>
  <datafield tag="787" ind1="0" ind2="8">
   <subfield code="i">Rezensiert in</subfield>
   <subfield code="a">Förschler, Silke</subfield>
   <subfield code="t">[Rezension von: Joan DelPlato / Julie F. Codell (eds.), Orientalism, eroticism and modern visuality in global kultures - Véronique Porra / Gregor Wedekind (Hrsg.), Orient. Zur (De-)Konstruktion eines Phantasmas]</subfield>
   <subfield code="d">2018</subfield>
   <subfield code="w">(DE-627)1789175003</subfield>
  </datafield>
  <datafield tag="830" ind1=" " ind2="0">
   <subfield code="a">Mainzer historische Kulturwissenschaften</subfield>
   <subfield code="v">Band 32</subfield>
   <subfield code="9">32</subfield>
   <subfield code="w">(DE-627)635136589</subfield>
   <subfield code="w">(DE-576)330040790</subfield>
   <subfield code="w">(DE-600)2572698-5</subfield>
   <subfield code="x">2629-5768</subfield>
   <subfield code="7">ns</subfield>
  </datafield>
  <datafield tag="856" ind1="4" ind2="2">
   <subfield code="u">http://d-nb.info/1112213406/04</subfield>
   <subfield code="m">B:DE-101</subfield>
   <subfield code="q">pdf/application</subfield>
   <subfield code="v">20170414003401</subfield>
   <subfield code="x">Verlag</subfield>
   <subfield code="3">Inhaltsverzeichnis</subfield>
  </datafield>
  <datafield tag="856" ind1="4" ind2="2">
   <subfield code="u">https://swbplus.bsz-bw.de/bsz48180630Xrez.htm</subfield>
   <subfield code="m">B:DE-576;DE-16</subfield>
   <subfield code="q">application/pdf</subfield>
   <subfield code="v">20180227121917</subfield>
   <subfield code="x">Verlag</subfield>
   <subfield code="3">Rezension</subfield>
  </datafield>
  <datafield tag="856" ind1="4" ind2="2">
   <subfield code="u">http://www.sehepunkte.de/2018/02/29436.html</subfield>
   <subfield code="m">V:DE-576;X:Sehepunkte</subfield>
   <subfield code="q">text/html</subfield>
   <subfield code="v">20180423140548</subfield>
   <subfield code="3">Rezension</subfield>
  </datafield>
  <datafield tag="856" ind1="4" ind2="2">
   <subfield code="u">http://www.transcript-verlag.de/978-3-8376-3502-7</subfield>
   <subfield code="v">2016-08-31</subfield>
   <subfield code="x">Verlag</subfield>
  </datafield>
  <datafield tag="935" ind1=" " ind2=" ">
   <subfield code="i">Blocktest</subfield>
  </datafield>
  <datafield tag="936" ind1="r" ind2="v">
   <subfield code="a">BE 3720</subfield>
   <subfield code="b">Dialog, Begegnung der Religionen</subfield>
   <subfield code="k">Theologie und Religionswissenschaften</subfield>
   <subfield code="k">Religionswissenschaft</subfield>
   <subfield code="k">Systematische Religionswissenschaft</subfield>
   <subfield code="k">Religionskontakt</subfield>
   <subfield code="k">Dialog, Begegnung der Religionen</subfield>
   <subfield code="0">(DE-627)1272630390</subfield>
   <subfield code="0">(DE-625)rvk/10581:</subfield>
   <subfield code="0">(DE-576)202630390</subfield>
  </datafield>
  <datafield tag="936" ind1="r" ind2="v">
   <subfield code="a">LB 31960</subfield>
   <subfield code="b">Rassismus; Rassismusforschung</subfield>
   <subfield code="k">Sozial- und Kulturanthropologie. Empirische Kulturwissenschaft</subfield>
   <subfield code="k">Theorie und Methodologie</subfield>
   <subfield code="k">Rassismus; Rassismusforschung</subfield>
   <subfield code="0">(DE-627)1336641894</subfield>
   <subfield code="0">(DE-625)rvk/90533:</subfield>
   <subfield code="0">(DE-576)26664189X</subfield>
  </datafield>
  <datafield tag="936" ind1="r" ind2="v">
   <subfield code="a">LB 57335</subfield>
   <subfield code="b">Vorderasien (Naher und mittlerer Osten) insgesamt</subfield>
   <subfield code="k">Sozial- und Kulturanthropologie. Empirische Kulturwissenschaft</subfield>
   <subfield code="k">Soziale und politische Organisation und Praxis</subfield>
   <subfield code="k">Kulturkontakt, Reisen, Tourismus</subfield>
   <subfield code="k">Asien (ohne GUS)</subfield>
   <subfield code="k">Vorderasien (Naher und mittlerer Osten)</subfield>
   <subfield code="k">Vorderasien (Naher und mittlerer Osten) insgesamt</subfield>
   <subfield code="0">(DE-627)1398851744</subfield>
   <subfield code="0">(DE-625)rvk/90573:882</subfield>
   <subfield code="0">(DE-576)328851744</subfield>
  </datafield>
  <datafield tag="936" ind1="r" ind2="v">
   <subfield code="a">IJ 10040</subfield>
   <subfield code="b">Stoff- und Motivgeschichte</subfield>
   <subfield code="k">Romanistik</subfield>
   <subfield code="k">Französischsprachige Literatur außerhalb Frankreichs</subfield>
   <subfield code="k">Übergreifend</subfield>
   <subfield code="k">Literaturgeschichte</subfield>
   <subfield code="k">Stoff- und Motivgeschichte</subfield>
   <subfield code="0">(DE-627)1271192829</subfield>
   <subfield code="0">(DE-625)rvk/59141:</subfield>
   <subfield code="0">(DE-576)201192829</subfield>
  </datafield>
  <datafield tag="936" ind1="r" ind2="v">
   <subfield code="a">EC 1871</subfield>
   <subfield code="b">Dekonstruktivismus, Poststrukturalismus</subfield>
   <subfield code="k">Allgemeine und vergleichende Sprach- und Literaturwissenschaft. Indogermanistik. Außereuropäische Sprachen und Literaturen</subfield>
   <subfield code="k">Allgemeine und vergleichende Literaturwissenschaft.</subfield>
   <subfield code="k">Literaturtheorie, Literaturphilosophie, Literaturästhetik</subfield>
   <subfield code="k">Dekonstruktivismus, Poststrukturalismus</subfield>
   <subfield code="0">(DE-627)1272614123</subfield>
   <subfield code="0">(DE-625)rvk/20439:</subfield>
   <subfield code="0">(DE-576)202614123</subfield>
  </datafield>
  <datafield tag="936" ind1="r" ind2="v">
   <subfield code="a">EC 5910</subfield>
   <subfield code="b">Einzelne Ideen</subfield>
   <subfield code="k">Allgemeine und vergleichende Sprach- und Literaturwissenschaft. Indogermanistik. Außereuropäische Sprachen und Literaturen</subfield>
   <subfield code="k">Allgemeine und vergleichende Literaturwissenschaft.</subfield>
   <subfield code="k">Literaturgeschichte</subfield>
   <subfield code="k">Geistes- und Ideengeschichte</subfield>
   <subfield code="k">Einzelne Ideen</subfield>
   <subfield code="0">(DE-627)1270750186</subfield>
   <subfield code="0">(DE-625)rvk/20615:</subfield>
   <subfield code="0">(DE-576)200750186</subfield>
  </datafield>
  <datafield tag="936" ind1="r" ind2="v">
   <subfield code="a">IE 2800</subfield>
   <subfield code="b">Geistes- und Ideengeschichte</subfield>
   <subfield code="k">Romanistik</subfield>
   <subfield code="k">Französische Literatur i.A. und Französische Literatur im Mittelalter</subfield>
   <subfield code="k">Französische Literatur</subfield>
   <subfield code="k">Literaturgeschichte</subfield>
   <subfield code="k">Geistes- und Ideengeschichte</subfield>
   <subfield code="0">(DE-627)1271069334</subfield>
   <subfield code="0">(DE-625)rvk/54995:</subfield>
   <subfield code="0">(DE-576)201069334</subfield>
  </datafield>
  <datafield tag="936" ind1="r" ind2="v">
   <subfield code="a">EC 5410</subfield>
   <subfield code="b">Einzelne Stoffe und Motive</subfield>
   <subfield code="k">Allgemeine und vergleichende Sprach- und Literaturwissenschaft. Indogermanistik. Außereuropäische Sprachen und Literaturen</subfield>
   <subfield code="k">Allgemeine und vergleichende Literaturwissenschaft.</subfield>
   <subfield code="k">Literaturgeschichte</subfield>
   <subfield code="k">Stoff- und Motivgeschichte</subfield>
   <subfield code="k">Einzelne Stoffe und Motive</subfield>
   <subfield code="0">(DE-627)1270710796</subfield>
   <subfield code="0">(DE-625)rvk/20606:</subfield>
   <subfield code="0">(DE-576)200710796</subfield>
  </datafield>
  <datafield tag="936" ind1="r" ind2="v">
   <subfield code="a">IE 2836</subfield>
   <subfield code="b">Einzelne Stoffe, Motive und Embleme</subfield>
   <subfield code="k">Romanistik</subfield>
   <subfield code="k">Französische Literatur i.A. und Französische Literatur im Mittelalter</subfield>
   <subfield code="k">Französische Literatur</subfield>
   <subfield code="k">Literaturgeschichte</subfield>
   <subfield code="k">Stoff- und Motivgeschichte, Emblematik</subfield>
   <subfield code="k">Einzelne Stoffe, Motive und Embleme</subfield>
   <subfield code="0">(DE-627)1271069350</subfield>
   <subfield code="0">(DE-625)rvk/54998:</subfield>
   <subfield code="0">(DE-576)201069350</subfield>
  </datafield>
  <datafield tag="936" ind1="r" ind2="v">
   <subfield code="a">IE 1342</subfield>
   <subfield code="b">Beziehungen zu anderen Gebieten</subfield>
   <subfield code="k">Romanistik</subfield>
   <subfield code="k">Französische Literatur i.A. und Französische Literatur im Mittelalter</subfield>
   <subfield code="k">Französische Literatur</subfield>
   <subfield code="k">Beziehungen zu anderen Gebieten</subfield>
   <subfield code="0">(DE-627)1271068923</subfield>
   <subfield code="0">(DE-625)rvk/54948:</subfield>
   <subfield code="0">(DE-576)201068923</subfield>
  </datafield>
  <datafield tag="936" ind1="r" ind2="v">
   <subfield code="a">MS 8010</subfield>
   <subfield code="b">Literatur</subfield>
   <subfield code="k">Soziologie</subfield>
   <subfield code="k">Spezielle Soziologien</subfield>
   <subfield code="k">Kunstsoziologie</subfield>
   <subfield code="k">Literatur</subfield>
   <subfield code="0">(DE-627)1271422956</subfield>
   <subfield code="0">(DE-625)rvk/123807:</subfield>
   <subfield code="0">(DE-576)201422956</subfield>
  </datafield>
  <datafield tag="936" ind1="b" ind2="k">
   <subfield code="a">18.23</subfield>
   <subfield code="j">Französische Literatur</subfield>
   <subfield code="0">(DE-627)106405411</subfield>
  </datafield>
  <datafield tag="936" ind1="b" ind2="k">
   <subfield code="a">17.93</subfield>
   <subfield code="j">Literarische Stoffe</subfield>
   <subfield code="j">literarische Motive</subfield>
   <subfield code="j">literarische Themen</subfield>
   <subfield code="0">(DE-627)106404490</subfield>
  </datafield>
  <datafield tag="936" ind1="b" ind2="k">
   <subfield code="a">15.76</subfield>
   <subfield code="j">Vorderer und mittlerer Orient</subfield>
   <subfield code="x">Geschichte</subfield>
   <subfield code="0">(DE-627)181571064</subfield>
  </datafield>
  <datafield tag="936" ind1="b" ind2="k">
   <subfield code="a">89.91</subfield>
   <subfield code="j">Imperialismus</subfield>
   <subfield code="0">(DE-627)106418300</subfield>
  </datafield>
  <datafield tag="951" ind1=" " ind2=" ">
   <subfield code="a">BO</subfield>
  </datafield>
  <datafield tag="990" ind1=" " ind2=" ">
   <subfield code="a">Französisch</subfield>
  </datafield>
  <datafield tag="990" ind1=" " ind2=" ">
   <subfield code="a">Literatur</subfield>
  </datafield>
  <datafield tag="990" ind1=" " ind2=" ">
   <subfield code="a">Orientbild</subfield>
  </datafield>
  <datafield tag="990" ind1=" " ind2=" ">
   <subfield code="a">Geschichte</subfield>
  </datafield>
  <datafield tag="991" ind1=" " ind2=" ">
   <subfield code="a">Rezensiertes Werk</subfield>
  </datafield>
  <datafield tag="999" ind1=" " ind2=" ">
   <subfield code="a">KXP-PPN866724613</subfield>
   <subfield code="e">4154684159</subfield>
  </datafield>
 </record>
</collection>
